Sports Quiz

Random Sports Quiz

New York Knicks Opening Day 2011-2012 Quiz Stats

 Plays Quiz not verified by Sporcle

Challenge
Share
Tweet
Embed
Score 0/15 Timer 05:00
0 Plays Today
Name Position % Correct
PFStoudemire
100%
SFAnthony
100%
CChandler
97.2%
SGFields
87.5%
G/PGDouglas
81.9%
PGDavis
75%
PGBibby
75%
GShumpert
72.2%
Name Position % Correct
CJordan
56.9%
SGWalker
55.6%
CHarrellson
54.2%
C/SFJeffries
52.8%
PFBalkman
47.2%
CHunter
18.1%
SGGreen
18.1%

You're not logged in!

Compare scores with friends on all Sporcle quizzes.
OR
Log In

You Might Also Like...

Show Comments

Extras

Created Dec 20, 2011ReportNominate
Tags:New York, New York Knicks

Top Quizzes Today


Score Distribution

Your Account Isn't Verified!

In order to create a playlist on Sporcle, you need to verify the email address you used during registration. Go to your Sporcle Settings to finish the process.

Report this User

Report this user for behavior that violates our Community Guidelines.

Details: